Statistics for 180 Degree Meridian Countries

Click here to take the quiz!

General Stats

  • This quiz has been taken 734 times
  • The average score is 16 of 20

Answer Stats

distance country % Correct
0.22°United States
95%
1.42°New Zealand
94%
26.36°Australia
93%
Russia
92%
34.18°Japan
92%
Fiji
90%
7.20°Samoa
86%
3.50°Kiribati
85%
4.64°Tonga
85%
0.13°Tuvalu
84%
7.83°Marshall Islands
84%
16.96°Micronesia
84%
24.05°Papua New Guinea
84%
9.76°Vanuatu
83%
13.04°Nauru
83%
13.87°Solomon Islands
83%
45.35°Palau
82%
39.00°Indonesia
79%
14.12°Cook Islands
37%
10.05°Niue
31%

Score Distribution

Percentile by Number Answered

Percent of People with Each Score

Your Score History

You have not taken this quiz